00640cam a22002177a 4500003000500000005001700005008004100022010000900063011000900072035000900081040000900090100001600099245007200115260010400187300001000291490002600301650002300327650002700350700001900377830002600396CHAP20220329133324.0971013s1976 r 00010 d a4865 a5837 a5053 cCHAP00aGreacen, E.12aA water balance model and supply index for wheat in south Australia aMelbourne :bCommonwealth Scientific and Industrial Research Organization. Division of Soils,c1976 a33 p. 0aTechnical paperv; 2714aBalance hídrico.14aTrigoxAgua requerida.0 aHignett, C. T.0 aTechnical paperv; 27